ბათუმის შოთა რუსთაველის სახელმწიფო უნივერსიტეტის ბიბლიოთეკა

მოთხრობები. ტ. 2 (ბიბ.ჩანაწერი № 49964)

000 -LEADER
fixed length control field 00752nam a2200217Ia 4500
001 - CONTROL NUMBER
control field 16900
003 - CONTROL NUMBER IDENTIFIER
control field GE_BSU
008 - FIXED-LENGTH DATA ELEMENTS--GENERAL INFORMATION
fixed length control field 181216s||||||||xx |||||||||||||| ||und||
040 ## - CATALOGING SOURCE
Transcribing agency GE_BSU
080 ## - UNIVERSAL DECIMAL CLASSIFICATION NUMBER
Universal Decimal Classification number 821.161.1-32
100 ## - MAIN ENTRY--PERSONAL NAME
Personal name ტურგენევი, ი.ს.
245 ## - TITLE STATEMENT
Title მოთხრობები. ტ. 2
245 ## - TITLE STATEMENT
Statement of responsibility, etc. თარგმ.: ფ. ნიშნიანიძე, მ. მიქელაძე.
260 ## - PUBLICATION, DISTRIBUTION, ETC.
Place of publication, distribution, etc. თბილისი
260 ## - PUBLICATION, DISTRIBUTION, ETC.
Name of publisher, distributor, etc. სახელგამი
260 ## - PUBLICATION, DISTRIBUTION, ETC.
Date of publication, distribution, etc. 1953
300 ## - PHYSICAL DESCRIPTION
Extent 472 გვ.21 სმ.
653 ## - INDEX TERM--UNCONTROLLED
Uncontrolled term მოთხრობები
653 ## - INDEX TERM--UNCONTROLLED
Uncontrolled term პუნინი და ბაბურინი; პირველი სიყვარული და სხვ.
942 ## - ADDED ENTRY ELEMENTS (KOHA)
Koha item type წიგნი
ეგზემპლარები
Withdrawn status Lost status Damaged status Not for loan Date acquired Barcode Date last seen Price effective from Koha item type
        2018-12-17 21949 2018-12-17 2018-12-17 წიგნი
        2018-12-17 21950 2018-12-17 2018-12-17 წიგნი
        2018-12-17 21951 2018-12-17 2018-12-17 წიგნი
        2018-12-17 21952 2018-12-17 2018-12-17 წიგნი